Music Quiz

Random Music or Song Quiz

Britain's Biggest Singles of the 2000s Quiz Stats

 Plays Quiz Updated May 18, 2015

Challenge
Share
Tweet
Embed
Score 0/100 Timer 10:00
0 Plays Today
Year Artist % Correct
2009Lady Gaga
87.8%
2009Lady Gaga ft. Colby O'Donis
87.4%
2003The Black Eyed Peas ft. Justin Timberlake
86.3%
2009Black Eyed Peas
86.3%
2009Black Eyed Peas
86.3%
2009Black Eyed Peas
86.3%
2004Britney Spears
84.3%
2002Shakira
84.2%
2006Shakira ft. Wyclef Jean
84.2%
2008Katy Perry
84.2%
2007Rihanna ft. Jay-Z
83.5%
2006Rihanna
83.5%
2000Eminem ft. Dido
77.6%
2002Eminem
77.6%
2001Kylie Minogue
73.3%
2001Shaggy ft. Rikrok
73%
2001Shaggy ft. Rayvon
73%
2005Pussycat Dolls ft. Busta Rhymes
71.7%
2006Leona Lewis
67.5%
2007Leona Lewis
67.5%
2000Robbie Williams
67.3%
2005James Blunt
66.8%
2008Kings Of Leon
65.9%
2005Madonna
61.6%
2008Madonna ft. Justin Timberlake & Timbaland
61.6%
2007Mark Ronson ft. Amy Winehouse
61.6%
2002Elvis vs. JXL
57.7%
2001Westlife
56.8%
2005Westlife
56.8%
2003R. Kelly
56.3%
2000Bob the Builder
55.7%
2004Usher ft. Ludacris, Lil Jon, & The East Side Boyz
54.7%
2004Band Aid 20
53.6%
2002Nelly ft. Kelly Rowland
53.4%
Year Artist % Correct
2000S Club 7
52.3%
2001S Club 7
52.3%
2007Mika
51.7%
2001Wheatus
50.1%
2006Scissor Sisters
50%
2007The Proclaimers
49.8%
2006Take That
49.7%
2007Take That
49.7%
2004Peter Andre
48.2%
2006Nelly Furtado
47.2%
2000Baha Men
46.7%
2002Enrique Iglesias
45.8%
2006Gnarls Barkley
45.6%
2003t.A.T.u.
45.2%
2002Will Young
44.5%
2003Will Young
44.5%
2009Cheryl Cole
44.4%
2001Atomic Kitten
44%
2007Kaiser Chiefs
43.5%
2008Nickelback
42.9%
2002Gareth Gates
40.8%
2002Gareth Gates
40.8%
2003Gareth Gates ft. The Kumars
40.8%
2008Duffy
39.8%
2008Alexandra Burke
39.7%
2009Alexandra Burke ft. Flo Rida
39.7%
2009Rage Against the Machine
39.4%
2000All Saints
39.2%
2001Afroman
39.2%
2008Estelle ft. Kanye West
38.9%
2008Flo Rida ft. T-Pain
37.5%
2005Crazy Frog
35.7%
2005Akon
34.1%
2006Lily Allen
33.4%
Year Artist % Correct
2001Hear'Say
30.8%
2000Craig David
30.3%
2003The Darkness
29.7%
2007Timbaland ft. Keri Hilson & DOE
29.5%
2002Las Ketchup
27.5%
2009La Roux
26.7%
2003Michael Andrew ft. Gary Jules
26.5%
2005Tony Christie ft. Peter Kay
26.2%
2007Sugababes
26.2%
2004Eric Prydz
25.2%
2005Shayne Ward
25.2%
2000Spiller ft. Sophie Ellis-Bextor
25%
2005McFly
24.9%
2004Eamon
24.2%
2004Anastacia
22.7%
2002Liberty X
22.5%
2007Leon Jackson
19.1%
2006Sandi Thom
18.7%
2008Basshunter ft. DJ Mental Theo
18.6%
2009Joe McElderry
17.5%
2003Ozzy & Kelly Osbourne
17%
2001DJ Otzi
15.9%
2004DJ Casper
15.2%
2005Nizlopi
14.2%
2000Sonique
13.3%
2003Blu Cantrell ft. Sean Paul
13%
2008The X Factor Finalists
11.9%
2000Fragma
11.6%
2004Frankee
10.3%
2004Michelle McManus
7.8%
2006Infernal
7%
2003Room 5 ft. Oliver Cheatum
6.3%

You're not logged in!

Compare scores with friends on all Sporcle quizzes.
OR
Log In

You Might Also Like...

Show Comments

Extras

Top Quizzes Today


Score Distribution

Your Account Isn't Verified!

In order to create a playlist on Sporcle, you need to verify the email address you used during registration. Go to your Sporcle Settings to finish the process.

Report this User

Report this user for behavior that violates our Community Guidelines.

Details: